| 000 | 00850nam a2200193Ia 4500 | ||
|---|---|---|---|
| 020 | _a9022007359 | ||
| 040 | _cAGL | ||
| 082 | _a631 CEN 1981 A052 Or. | ||
| 245 | 0 | 0 |
_aSimulation of nitrogen behaviour of soil-plant systems : _bpapers of a workshop, models for the behaviour of nitrogen in soil and uptake by plant, comparison between different approaches, Wageningen, the Netherlands, January 28 - February 1, 1980 / |
| 260 |
_aWageningen, Netherlands : _bCentre for Agricultural Publishing and Documentation, _c1981 |
||
| 300 |
_a277 p. : _bill. ; _c25 cm |
||
| 500 | _aWorkshop sponsored by IUBS (International Union of Biological Sciences [and others] | ||
| 650 | 0 | _aSoils | |
| 650 | 0 | _aPlant-soil relationships | |
| 700 | 1 | 0 | _aFrissel, M. J |
| 700 | 1 | 0 | _aVeen, J. A. van |
| 710 | 2 | 0 | _aInternational Union of Biological Sciences |
| 942 | _cEK | ||
| 999 |
_c14569 _d14569 |
||